[Event "OPEN D'AUBAGNE"]
[Site "SALLE LAKANAL AUBAGNE"]
[Date "2019.09.02"]
[Round "7.30"]
[White "Shelar, Manasvi"]
[Black "De Laurentis, Pierre"]
[Result "1-0"]
[WhiteElo "1099"]
[BlackElo "1207"]
[PlyCount "76"]
[EventDate "2019.??.??"]
[WhiteTeam "L'Echiquier du Roy René"]
[BlackTeam "Cassis Echecs"]

1. e4 d6 2. d4 Nf6 3. Nc3 g6 4. Nf3 Nc6 5. Bb5 Bg7 6. Bg5 O-O 7. h3 h6 8. Bxf6
Bxf6 9. Qd2 Bg7 10. O-O-O a6 11. Bxc6 bxc6 12. g4 e6 13. h4 e5 14. dxe5 Bxg4
15. Qe3 Qb8 16. Rdg1 h5 17. Ng5 Bxe5 18. b3 Qb4 19. Kb2 a5 20. Nf3 Bf6 21. Rg3
a4 22. Rd1 a3+ 23. Ka1 Bxc3+ 24. Kb1 Bf6 25. Qe2 Qc3 26. Kc1 Qb2+ 27. Kd2 Qxa2
28. Ke3 Bg5+ 29. Kd3 Qb2 30. hxg5 a2 31. Rgg1 a1=Q 32. Rxa1 Rxa1 33. Rxa1 Qxa1
34. Qe3 Re8 35. Nd2 h4 36. Qf4 Qa6+ 37. Kd4 c5+ 38. Kd5 Be6# 1-0

[Event "OPEN D'AUBAGNE"]
[Site "SALLE LAKANAL AUBAGNE"]
[Date "2019.09.02"]
[Round "7.31"]
[White "Burnel, Marie-France"]
[Black "Ananyan, Daniel"]
[Result "1-0"]
[WhiteElo "1093"]
[BlackElo "1199"]
[PlyCount "55"]
[EventDate "2019.??.??"]
[WhiteTeam "Cercle d'Echecs Aubagnais"]
[BlackTeam "Cercle d'Echecs Aubagnais"]

1. e4 e5 2. Nf3 Nc6 3. Nc3 Bc5 4. g3 Nge7 5. Bg2 d5 6. O-O f6 7. d3 Nd4 8. Nxd4
Bxd4 9. exd5 c5 10. Qh5+ g6 11. Qh6 Qa5 12. Ne2 Bf5 13. Nxd4 cxd4 14. d6 Ng8
15. Qg7 O-O-O 16. Qxh8 h6 17. Qg7 Qd5 18. Bxd5 Rxd6 19. Qxg8+ Kc7 20. Qf7+ Rd7
21. Qxf6 Bh3 22. Qxe5+ Rd6 23. Qg7+ Rd7 24. Bf4+ Kd8 25. Qh8+ Ke7 26. Rfe1+ Be6
27. Rxe6+ Kf7 28. Qh7+ 1-0

[Event "OPEN D'AUBAGNE"]
[Site "SALLE LAKANAL AUBAGNE"]
[Date "2019.09.02"]
[Round "7.32"]
[White "Shelar, Rujuta"]
[Black "Lopez, Marcel"]
[Result "0-1"]
[WhiteElo "1040"]
[BlackElo "1199"]
[PlyCount "94"]
[EventDate "2019.??.??"]
[WhiteTeam "L'Echiquier du Roy René"]
[BlackTeam "Cassis Echecs"]

1. d4 d5 2. Bf4 e6 3. e3 Nf6 4. c3 Ne4 5. Nd2 Nf6 6. Ngf3 Nc6 7. Bd3 Be7 8. O-O
Nh5 9. Ne5 Nxf4 10. exf4 Nxe5 11. fxe5 O-O 12. Qh5 g6 13. Qh6 Bg5 14. Qh3 Bxd2
15. Rad1 Bg5 16. Bc2 f6 17. Rfe1 f5 18. g3 Rf7 19. Qg2 b6 20. h4 Bh6 21. Kh2
Bf8 22. Rh1 Bb7 23. Kg1 Qd7 24. Rh3 Rg7 25. Kh2 Qb5 26. Bd3 Qxb2 27. Rh1 Qxc3
28. Be2 Qxd4 29. Kg1 Qxe5 30. Bf3 Qa1+ 31. Kh2 Qxa2 32. Kg1 a5 33. h5 g5 34. h6
Rg6 35. Qf1 Qa3 36. g4 Qd6 37. gxf5 exf5 38. Be2 Re8 39. Bh5 Ree6 40. Bxg6 Rxg6
41. Rf3 f4 42. Rc3 d4 43. Rc4 Bxh1 44. Kxh1 Rxh6+ 45. Kg1 f3 46. Qd3 Qh2+ 47.
Kf1 Qh1# 0-1

[Event "OPEN D'AUBAGNE"]
[Site "SALLE LAKANAL AUBAGNE"]
[Date "2019.09.02"]
[Round "7.33"]
[White "Lognos, Lina"]
[Black "Nasri, Alexandre"]
[Result "1-0"]
[WhiteElo "1038"]
[BlackElo "1199"]
[PlyCount "49"]
[EventDate "2019.??.??"]
[WhiteTeam "Cercle d'Echecs Aubagnais"]
[BlackTeam "Cercle d'Echecs Aubagnais"]

1. c4 e5 2. Nc3 Nf6 3. g3 Bc5 4. Bg2 Ng4 5. Ne4 Qe7 6. e3 Nf6 7. Nxc5 Qxc5 8.
d3 Qb4+ 9. Bd2 Qxb2 10. Ne2 O-O 11. O-O d6 12. Bc3 Qb6 13. Rb1 Qa6 14. Qc2 c6
15. Rb2 b6 16. Bb4 Rd8 17. Nc3 d5 18. cxd5 cxd5 19. Be7 Rd7 20. Bxf6 gxf6 21.
Bxd5 Bb7 22. Bxb7 Qxb7 23. Ne4 Qc6 24. Qxc6 Nxc6 25. Nxf6+ 1-0

[Event "OPEN D'AUBAGNE"]
[Site "SALLE LAKANAL AUBAGNE"]
[Date "2019.09.02"]
[Round "7.34"]
[White "Friche, Allan"]
[Black "Gabarrot, Maxence"]
[Result "1-0"]
[WhiteElo "1009"]
[BlackElo "1099"]
[PlyCount "81"]
[EventDate "2019.??.??"]
[WhiteTeam "La Ciotat Echecs (LCE)"]
[BlackTeam "La Ciotat Echecs (LCE)"]

1. c4 Nc6 2. Nc3 e6 3. g3 Bb4 4. d3 Bxc3+ 5. bxc3 Na5 6. Bg2 Nf6 7. Ba3 b6 8.
Bxa8 c6 9. Bb4 Nb7 10. Bxb7 Bxb7 11. Ba3 c5 12. Nf3 O-O 13. O-O a5 14. d4 Ne4
15. Bb2 cxd4 16. Nxd4 e5 17. Ba3 d6 18. Nb5 Bc6 19. Nxd6 Nxd6 20. Bxd6 Re8 21.
Rb1 Re6 22. Bxe5 Qe7 23. Bf4 Be4 24. Rb5 Qe8 25. Qb3 Qa8 26. Bc7 a4 27. Qb4 Bc6
28. Rxb6 g6 29. Rb8+ Qxb8 30. Qxb8+ Kg7 31. Be5+ Rxe5 32. Qxe5+ f6 33. Qc7+ Bd7
34. Qxd7+ Kh6 35. c5 a3 36. c6 f5 37. c7 f4 38. c8=Q f3 39. Qh3+ Kg7 40. Qc7+
Kh8 41. Qhc8# 1-0

[Event "OPEN D'AUBAGNE"]
[Site "SALLE LAKANAL AUBAGNE"]
[Date "2019.09.02"]
[Round "7.35"]
[White "Garbe, Georges"]
[Black "Biglia, Michel"]
[Result "0-1"]
[WhiteElo "1188"]
[BlackElo "1152"]
[PlyCount "118"]
[EventDate "2019.??.??"]
[WhiteTeam "Cercle d'Echecs Aubagnais"]
[BlackTeam "Cercle d'Echecs Aubagnais"]

1. e4 e6 2. d4 Nf6 3. Nc3 Bb4 4. a3 Bxc3+ 5. bxc3 Nxe4 6. Bb2 Qh4 7. g3 Qf6 8.
Qe2 Qg6 9. f3 Nd6 10. Qd3 Qxd3 11. Bxd3 b6 12. O-O-O O-O 13. Ne2 Bb7 14. Rhf1
Nc6 15. f4 f5 16. a4 Na5 17. Ba3 Kh8 18. Ng1 Rg8 19. Nh3 h6 20. Nf2 Ndc4 21.
Bxc4 Nxc4 22. Rfe1 Nxa3 23. Nd3 Bc6 24. Nb2 Be4 25. Nd3 Nc4 26. Ne5 Nxe5 27.
dxe5 Bc6 28. Rd4 a5 29. Kb2 Rab8 30. Ka3 b5 31. Rb1 bxa4 32. Rxb8 Rxb8 33. Rc4
Rb1 34. Rc5 Rc1 35. Kb2 Rh1 36. Rxa5 Rxh2 37. Ra7 Rg2 38. Rxc7 Rxg3 39. Rc8+
Kh7 40. Rb8 Rf3 41. Rb4 g5 42. fxg5 hxg5 43. Rd4 Rf4 44. Ka3 Rxd4 45. cxd4 g4
46. c4 g3 47. Kb4 g2 48. Kc5 g1=Q 49. Kd6 Qxd4+ 50. Ke7 Kg6 51. Kd8 Kf7 52. Kc7
Qxc4 53. Kb6 Ke7 54. Kc7 Bh1+ 55. Kb6 d6 56. Ka5 a3 57. exd6+ Kxd6 58. Kb6 Qb4+
59. Ka6 a2 0-1

[Event "OPEN D'AUBAGNE"]
[Site "SALLE LAKANAL AUBAGNE"]
[Date "2019.09.02"]
[Round "7.36"]
[White "Deroual, Alexandre"]
[Black "Gary, Yvon"]
[Result "1-0"]
[WhiteElo "1055"]
[BlackElo "1199"]
[PlyCount "57"]
[EventDate "2019.??.??"]
[WhiteTeam "La Ciotat Echecs (LCE)"]
[BlackTeam "Club Provence Echecs"]

1. g3 e5 2. b3 d5 3. Bb2 Nc6 4. Bg2 Nf6 5. Nf3 Bc5 6. Nxe5 Nxe5 7. Bxe5 Nh5 8.
Nc3 c6 9. e4 Be6 10. Qxh5 O-O 11. Bh3 Re8 12. f4 dxe4 13. Nxe4 Be7 14. Bxe6
fxe6 15. Qg4 g6 16. Rf1 Qc8 17. Nf6+ Bxf6 18. Bxf6 e5 19. Qxc8 Raxc8 20. Bxe5
Rcd8 21. O-O-O b5 22. Bc7 Rd7 23. Ba5 Ree7 24. f5 gxf5 25. Rxf5 Re2 26. Rg5+
Kf7 27. Bc3 Re6 28. Rg7+ Kf8 29. Rf1+ 1-0

[Event "OPEN D'AUBAGNE"]
[Site "SALLE LAKANAL AUBAGNE"]
[Date "2019.09.02"]
[Round "7.37"]
[White "Balaguer, Thomas"]
[Black "Belliardo, Julia"]
[Result "0-1"]
[WhiteElo "1009"]
[BlackElo "1099"]
[PlyCount "82"]
[EventDate "2019.??.??"]
[WhiteTeam "Cercle d'Echecs Aubagnais"]
[BlackTeam "La Ciotat Echecs (LCE)"]

1. e4 Nf6 2. Nc3 d5 3. d3 c6 4. Bg5 Bg4 5. Qd2 Nfd7 6. h3 h6 7. Bxe7 Bxe7 8.
hxg4 Bg5 9. Qe2 O-O 10. Nf3 Bf4 11. exd5 c5 12. g3 Bg5 13. Nxg5 Qxg5 14. Qe3
Qxg4 15. Rh4 Qf5 16. Rf4 Qh7 17. O-O-O Na6 18. Bh3 Nb6 19. Ne4 Na4 20. Nxc5
N6xc5 21. Qxc5 Nxc5 22. Bf5 g6 23. Rg4 h5 24. Rg5 Qh6 25. f4 f6 26. Rxg6+ Qg7
27. Rxg7+ Kxg7 28. Rh1 Rh8 29. Re1 Rh6 30. Re7+ Kf8 31. Rc7 Na6 32. Rxb7 Rb8
33. Rxa7 Nb4 34. Kb1 Nxd5 35. Be6 Ne3 36. Rf7+ Ke8 37. g4 h4 38. g5 fxg5 39.
fxg5 Rxe6 40. Rh7 Ng2 41. Rxh4 Re1# 0-1

[Event "OPEN D'AUBAGNE"]
[Site "SALLE LAKANAL AUBAGNE"]
[Date "2019.09.02"]
[Round "7.38"]
[White "Nakle-Fambon, Gabriel"]
[Black "Renahy, Corentin"]
[Result "0-1"]
[WhiteElo "1009"]
[BlackElo "1099"]
[PlyCount "94"]
[EventDate "2019.??.??"]
[WhiteTeam "La Ciotat Echecs (LCE)"]
[BlackTeam "La Ciotat Echecs (LCE)"]

1. b4 e5 2. Bb2 Nc6 3. Nf3 f6 4. b5 Nce7 5. g3 d5 6. Bg2 c6 7. bxc6 Nxc6 8. O-O
Be6 9. d4 e4 10. Nfd2 Qb6 11. Nb3 a5 12. a4 Qa6 13. Ba3 Nge7 14. Nc5 Qc4 15.
Nxe6 Kf7 16. Nxf8 Rhxf8 17. Bxe7 Kxe7 18. e3 Nb4 19. Na3 Qc6 20. Nb1 Nxc2 21.
Ra2 Nb4 22. Rb2 b5 23. Qc1 Qxc1 24. Rxc1 bxa4 25. Rc7+ Kd6 26. Rxg7 h5 27. Nc3
a3 28. Ra2 Nxa2 29. Nxa2 Rfb8 30. f3 Rb2 31. fxe4 Rxa2 32. e5+ fxe5 33. dxe5+
Kxe5 34. Rg5+ Kf6 35. Rxd5 Rb2 36. Rd6+ Ke5 37. Rd1 a2 38. Bxa8 Rb1 39. Rxb1
axb1=Q+ 40. Kg2 Qc2+ 41. Kf3 a4 42. h4 a3 43. e4 a2 44. g4 hxg4+ 45. Kxg4 a1=Q
46. Bb7 Qg2+ 47. Kh5 Qd1+ 0-1